10 Most Populous Cities in North Carolina - Statistics

General Stats
  • This quiz has been taken 14 times
  • The average score is 8 of 10
Answer Stats
Population City % Correct
923,164 Charlotte
100%
487,942 Raleigh
100%
300,100 Durham
92%
304,279 Greensboro
92%
181,754 Cary
85%
125,007 Wilmington
85%
254,032 Winston-Salem
85%
209,942 Fayetteville
77%
117,619 High Point
62%
111,863 Concord
38%
No matching quizzes found
Score Distribution
Percent of People with Each Score
Percentile by Number Answered
Your Score History
You have not taken this quiz